[Event "European Women's Championship"]
[Site "Vysoke Tatry"]
[Date "2018.04.09"]
[Round "2"]
[White "Ionescu, Irina"]
[Black "Gara, Anita"]
[Result "1/2-1/2"]
[Board "20"]
[WhiteElo "2247"]
[WhiteTitle "WGM"]
[WhiteCountry "ROU"]
[WhiteFideId "1204750"]
[WhiteEloChange "3"]
[BlackElo "2369"]
[BlackTitle "IM"]
[BlackCountry "HUN"]
[BlackFideId "709751"]
[BlackEloChange "-3"]

1. e4 {[%clk 1:30:46]} c5 {[%clk 1:30:44]} 2. g3 {[%clk 1:31:04]} d5 {[%clk
1:29:18]} 3. exd5 {[%clk 1:31:08]} Qxd5 {[%clk 1:29:44]} 4. Nf3 {[%clk 1:31:32]}
Bg4 {[%clk 1:30:06]} 5. Bg2 {[%clk 1:31:53]} Qe6+ {[%clk 1:30:15]} 6. Kf1 {[%clk
1:31:55]} Nc6 {[%clk 1:30:35]} 7. h3 {[%clk 1:30:43]} Bh5 {[%clk 1:30:58]} 8. d3
{[%clk 1:30:27]} Qd7 {[%clk 1:29:34]} 9. g4 {[%clk 1:24:11]} Bg6 {[%clk 1:29:49]}
10. Na3 {[%clk 1:24:35]} e5 {[%clk 1:24:26]} 11. Nh4 {[%clk 1:12:44]} Be7 {[%clk
1:18:16]} 12. Nxg6 {[%clk 1:12:42]} fxg6 {[%clk 1:16:16]} 13. g5 {[%clk 1:07:34]}
h6 {[%clk 1:15:09]} 14. Be4 {[%clk 1:00:57]} O-O-O {[%clk 1:12:55]} 15. Qg4
{[%clk 1:00:28]} hxg5 {[%clk 1:11:56]} 16. Qxd7+ {[%clk 1:00:25]} Kxd7 {[%clk
1:07:45]} 17. Bxg6 {[%clk 0:58:21]} Rf8 {[%clk 1:07:08]} 18. Kg2 {[%clk 0:51:53]}
Nh6 {[%clk 1:07:03]} 19. Be4 {[%clk 0:41:13]} Nf5 {[%clk 1:06:12]} 20. Be3 {[%clk
0:41:16]} Nh4+ {[%clk 1:05:01]} 21. Kg3 {[%clk 0:39:49]} Nd4 {[%clk 1:02:07]} 22.
Nc4 {[%clk 0:28:53]} Nxc2 {[%clk 0:51:08]} 23. Rac1 {[%clk 0:28:24]} Nxe3 {[%clk
0:47:38]} 24. fxe3 {[%clk 0:27:02]} b5 {[%clk 0:41:11]} 25. Nxe5+ {[%clk
0:24:44]} Ke6 {[%clk 0:41:26]} 26. Nf3 {[%clk 0:19:58]} Bd6+ {[%clk 0:39:47]} 27.
Kf2 {[%clk 0:18:30]} Rxf3+ {[%clk 0:39:43]} 28. Bxf3 {[%clk 0:18:58]} Rf8 {[%clk
0:40:08]} 29. Ke2 {[%clk 0:19:00]} Rxf3 {[%clk 0:34:47]} 30. Rcg1 {[%clk
0:17:22]} Rf5 {[%clk 0:32:56]} 31. Rf1 {[%clk 0:15:58]} Re5 {[%clk 0:33:11]} 32.
Kd2 {[%clk 0:15:40]} Nf5 {[%clk 0:31:04]} 33. Rf3 {[%clk 0:16:04]} Bc7 {[%clk
0:28:09]} 34. b4 {[%clk 0:15:15]} cxb4 {[%clk 0:25:13]} 35. d4 {[%clk 0:15:29]}
Rd5 {[%clk 0:22:46]} 36. Rc1 {[%clk 0:15:37]} Ba5 {[%clk 0:20:16]} 37. Kd3 {[%clk
0:14:36]} Bb6 {[%clk 0:20:13]} 38. Rc6+ {[%clk 0:13:41]} Nd6 {[%clk 0:19:29]} 39.
Rxb6 {[%clk 0:13:10]} axb6 {[%clk 0:18:43]} 40. e4 {[%clk 0:43:35]} Nxe4 {[%clk
0:48:58]} 41. Kxe4 {[%clk 0:43:59]} Rd8 {[%clk 0:42:48]} 42. Rg3 {[%clk 0:36:34]}
Rh8 {[%clk 0:38:34]} 43. d5+ {[%clk 0:31:37]} Kd6 {[%clk 0:27:33]} 44. Rxg5
{[%clk 0:30:23]} Rh4+ {[%clk 0:23:44]} 45. Rg4 {[%clk 0:30:10]} Rxh3 {[%clk
0:19:48]} 46. Rg6+ {[%clk 0:29:54]} Ke7 {[%clk 0:18:06]} 47. Rxb6 {[%clk
0:17:23]} b3 {[%clk 0:17:56]} 48. axb3 {[%clk 0:16:30]} Rxb3 {[%clk 0:18:21]} 49.
Ke5 {[%clk 0:15:53]} Re3+ {[%clk 0:17:44]} 50. Kd4 {[%clk 0:16:17]} Re1 {[%clk
0:15:21]} 51. Rxb5 {[%clk 0:15:04]} Rd1+ {[%clk 0:15:47]} 52. Ke5 {[%clk
0:15:12]} 1/2-1/2

[Event "European Women's Championship"]
[Site "Vysoke Tatry"]
[Date "2018.04.09"]
[Round "2"]
[White "Ilyuchyk, Yana"]
[Black "Michna, Marta"]
[Result "1-0"]
[Board "21"]
[WhiteElo "2098"]
[WhiteCountry "BLR"]
[WhiteFideId "13508407"]
[WhiteEloChange "16"]
[BlackElo "2367"]
[BlackTitle "WGM"]
[BlackCountry "GER"]
[BlackFideId "1106686"]
[BlackEloChange "-16"]

1. e4 {[%clk 1:30:56]} e6 {[%clk 1:30:41]} 2. d4 {[%clk 1:31:21]} b6 {[%clk
1:30:55]} 3. Nf3 {[%clk 1:31:36]} Bb7 {[%clk 1:31:20]} 4. Nc3 {[%clk 1:31:53]} d6
{[%clk 1:30:31]} 5. Be3 {[%clk 1:31:00]} Nd7 {[%clk 1:30:51]} 6. Qd2 {[%clk
1:29:09]} g6 {[%clk 1:30:19]} 7. O-O-O {[%clk 1:27:50]} Bg7 {[%clk 1:30:08]} 8.
Kb1 {[%clk 1:27:23]} h6 {[%clk 1:27:22]} 9. d5 {[%clk 1:20:42]} e5 {[%clk
1:27:20]} 10. g4 {[%clk 1:20:01]} a6 {[%clk 1:17:13]} 11. Ne1 {[%clk 1:11:36]}
Ne7 {[%clk 0:59:29]} 12. h4 {[%clk 1:06:37]} b5 {[%clk 0:47:57]} 13. h5 {[%clk
1:01:40]} gxh5 {[%clk 0:47:32]} 14. gxh5 {[%clk 0:57:50]} f5 {[%clk 0:42:47]} 15.
f3 {[%clk 0:46:44]} Nf6 {[%clk 0:40:14]} 16. a3 {[%clk 0:42:47]} Kf7 {[%clk
0:32:57]} 17. Bf2 {[%clk 0:34:58]} Kg8 {[%clk 0:29:58]} 18. Bh4 {[%clk 0:33:35]}
Kh7 {[%clk 0:25:04]} 19. Bh3 {[%clk 0:33:20]} Rf8 {[%clk 0:18:20]} 20. Nd3 {[%clk
0:26:46]} Bc8 {[%clk 0:17:57]} 21. Rdg1 {[%clk 0:21:58]} Qe8 {[%clk 0:16:28]} 22.
Nb4 {[%clk 0:17:37]} Nxh5 {[%clk 0:11:31]} 23. Bxe7 {[%clk 0:17:05]} Qxe7 {[%clk
0:11:51]} 24. Bxf5+ {[%clk 0:16:49]} Bxf5 {[%clk 0:12:07]} 25. Rxh5 {[%clk
0:17:11]} Bg6 {[%clk 0:12:06]} 26. Nc6 {[%clk 0:15:29]} Qd7 {[%clk 0:11:24]} 27.
Rh4 {[%clk 0:12:44]} Rf6 {[%clk 0:07:54]} 28. Rhg4 {[%clk 0:09:30]} h5 {[%clk
0:07:35]} 29. R4g2 {[%clk 0:09:14]} Bh6 {[%clk 0:07:11]} 30. Qe1 {[%clk 0:08:52]}
Rg8 {[%clk 0:05:57]} 31. Qh4 {[%clk 0:08:02]} Qf7 {[%clk 0:06:14]} 32. Nd8 {[%clk
0:03:53]} Qe7 {[%clk 0:05:12]} 33. Nc6 {[%clk 0:02:55]} Qf8 {[%clk 0:04:47]} 34.
Ka2 {[%clk 0:00:56]} Rg7 {[%clk 0:03:28]} 35. Rg3 {[%clk 0:00:32]} Be3 {[%clk
0:02:13]} 36. Rf1 {[%clk 0:00:32]} Bf4 {[%clk 0:02:08]} 37. Rh3 {[%clk 0:00:33]}
Bh6 {[%clk 0:01:26]} 38. Nb4 {[%clk 0:00:35]} Rf4 {[%clk 0:01:20]} 39. Qe1 {[%clk
0:00:37]} Rgf7 {[%clk 0:01:38]} 40. Qe2 {[%clk 0:30:31]} Qc8 {[%clk 0:31:00]} 41.
Rfh1 {[%clk 0:27:56]} R4f6 {[%clk 0:27:17]} 42. b3 {[%clk 0:24:32]} Qa8 {[%clk
0:19:07]} 43. Kb2 {[%clk 0:21:28]} Rf8 {[%clk 0:13:07]} 44. a4 {[%clk 0:18:11]}
bxa4 {[%clk 0:07:44]} 45. Nxa4 {[%clk 0:18:35]} a5 {[%clk 0:07:21]} 46. Nc6
{[%clk 0:18:39]} Be8 {[%clk 0:07:35]} 47. Nc3 {[%clk 0:17:37]} Qb7 {[%clk
0:02:41]} 48. Nxa5 {[%clk 0:16:50]} Qb4 {[%clk 0:02:12]} 49. Nc6 {[%clk 0:16:17]}
Bxc6 {[%clk 0:01:53]} 50. dxc6 {[%clk 0:16:41]} Ra8 {[%clk 0:01:48]} 51. Nb5
{[%clk 0:11:29]} Ra5 {[%clk 0:01:04]} 52. c4 {[%clk 0:11:18]} Rxb5 {[%clk
0:00:39]} 53. cxb5 {[%clk 0:11:41]} Qd4+ {[%clk 0:01:01]} 54. Kb1 {[%clk
0:11:14]} Rg6 {[%clk 0:01:14]} 55. Qd1 {[%clk 0:09:52]} Qf2 {[%clk 0:00:33]} 56.
R3h2 {[%clk 0:08:23]} Qc5 {[%clk 0:00:54]} 57. Rxh5 {[%clk 0:08:00]} Kg7 {[%clk
0:01:13]} 58. Rxh6 {[%clk 0:05:35]} Rxh6 {[%clk 0:01:40]} 59. Qg1+ {[%clk
0:06:00]} Qxg1+ {[%clk 0:02:01]} 60. Rxg1+ {[%clk 0:06:26]} Kf7 {[%clk 0:02:15]}
61. Rc1 {[%clk 0:05:34]} Rh8 {[%clk 0:02:27]} 62. b6 {[%clk 0:04:53]} cxb6 {[%clk
0:02:54]} 63. Kb2 {[%clk 0:05:18]} Ke7 {[%clk 0:03:11]} 64. Ka3 {[%clk 0:05:37]}
Kd8 {[%clk 0:03:17]} 65. Kb4 {[%clk 0:05:16]} Rh3 {[%clk 0:00:59]} 66. Rc3 {[%clk
0:05:34]} Kc7 {[%clk 0:01:00]} 67. Kb5 {[%clk 0:05:59]} Rh1 {[%clk 0:01:26]} 68.
b4 {[%clk 0:05:51]} Ra1 {[%clk 0:01:48]} 69. Rc2 {[%clk 0:06:09]} Ra3 {[%clk
0:01:56]} 70. Rh2 {[%clk 0:06:24]} Rb3 {[%clk 0:02:11]} 71. Rh7+ {[%clk 0:06:34]}
Kc8 {[%clk 0:02:38]} 72. Rd7 {[%clk 0:06:33]} Rxf3 {[%clk 0:02:56]} 73. Kxb6
{[%clk 0:06:47]} Rf4 {[%clk 0:02:19]} 74. Rh7 {[%clk 0:06:23]} Rf8 {[%clk
0:02:25]} 75. Ra7 {[%clk 0:05:54]} 1-0

[Event "European Women's Championship"]
[Site "Vysoke Tatry"]
[Date "2018.04.09"]
[Round "2"]
[White "Ovod, Evgenija"]
[Black "Trippold, Denise"]
[Result "1-0"]
[Board "22"]
[WhiteElo "2366"]
[WhiteTitle "IM"]
[WhiteCountry "RUS"]
[WhiteFideId "4131827"]
[WhiteEloChange "3"]
[BlackElo "2067"]
[BlackTitle "WFM"]
[BlackCountry "AUT"]
[BlackFideId "1625594"]
[BlackEloChange "-3"]

1. d4 {[%clk 1:30:58]} Nf6 {[%clk 1:30:49]} 2. Nf3 {[%clk 1:31:22]} e6 {[%clk
1:31:08]} 3. e3 {[%clk 1:31:44]} b6 {[%clk 1:30:52]} 4. Bd3 {[%clk 1:32:07]} Bb7
{[%clk 1:30:58]} 5. O-O {[%clk 1:32:20]} Be7 {[%clk 1:29:09]} 6. c4 {[%clk
1:32:38]} O-O {[%clk 1:29:13]} 7. Nc3 {[%clk 1:32:53]} d5 {[%clk 1:28:16]} 8.
cxd5 {[%clk 1:31:49]} exd5 {[%clk 1:28:15]} 9. Ne5 {[%clk 1:32:13]} Nbd7 {[%clk
1:24:06]} 10. f4 {[%clk 1:32:28]} c5 {[%clk 1:17:55]} 11. Qf3 {[%clk 1:32:31]} a6
{[%clk 1:05:36]} 12. a4 {[%clk 1:25:29]} Nb8 {[%clk 0:57:50]} 13. Rd1 {[%clk
0:49:35]} Qc7 {[%clk 0:51:20]} 14. Bd2 {[%clk 0:43:23]} Nc6 {[%clk 0:46:38]} 15.
Rac1 {[%clk 0:43:15]} Nb4 {[%clk 0:41:44]} 16. Bb1 {[%clk 0:41:05]} Rac8 {[%clk
0:40:51]} 17. Be1 {[%clk 0:34:02]} Ne8 {[%clk 0:24:58]} 18. Qh3 {[%clk 0:30:41]}
Nf6 {[%clk 0:23:59]} 19. Nd7 {[%clk 0:30:35]} Rfd8 {[%clk 0:21:35]} 20. Nxf6+
{[%clk 0:30:20]} Bxf6 {[%clk 0:22:04]} 21. Bxh7+ {[%clk 0:30:11]} Kf8 {[%clk
0:22:24]} 22. Bf5 {[%clk 0:30:02]} Rb8 {[%clk 0:22:27]} 23. Nb5 {[%clk 0:23:41]}
axb5 {[%clk 0:22:14]} 24. Bxb4 {[%clk 0:24:07]} g6 {[%clk 0:20:28]} 25. dxc5
{[%clk 0:23:34]} Qe7 {[%clk 0:19:14]} 26. Bg4 {[%clk 0:14:05]} Kg7 {[%clk
0:14:40]} 27. c6 {[%clk 0:12:15]} Qxb4 {[%clk 0:15:08]} 28. c7 {[%clk 0:12:42]}
bxa4 {[%clk 0:13:51]} 29. cxb8Q {[%clk 0:13:06]} Rxb8 {[%clk 0:14:13]} 30. Rc7
{[%clk 0:13:17]} Bd8 {[%clk 0:05:19]} 31. Rc2 {[%clk 0:13:43]} Qe4 {[%clk
0:03:38]} 32. Rcd2 {[%clk 0:10:20]} Be7 {[%clk 0:03:38]} 33. Qf3 {[%clk 0:08:31]}
Qb4 {[%clk 0:04:06]} 34. f5 {[%clk 0:07:08]} Bg5 {[%clk 0:02:48]} 35. fxg6 {[%clk
0:01:36]} fxg6 {[%clk 0:03:03]} 36. Be6 {[%clk 0:01:40]} Qe7 {[%clk 0:02:03]} 37.
Qg3 {[%clk 0:01:54]} Re8 {[%clk 0:01:34]} 38. Rd3 {[%clk 0:00:54]} Bh4 {[%clk
0:01:00]} 39. Qg4 {[%clk 0:01:02]} Qf6 {[%clk 0:00:42]} 40. Rf1 {[%clk 0:30:53]}
Qxe6 {[%clk 0:30:45]} 41. Qxh4 {[%clk 0:31:11]} Ba6 {[%clk 0:29:40]} 42. Rc3
{[%clk 0:27:26]} Bc4 {[%clk 0:25:45]} 43. Rf3 {[%clk 0:25:39]} Rf8 {[%clk
0:18:45]} 44. Qd4+ {[%clk 0:24:32]} Kg8 {[%clk 0:19:10]} 45. Rxf8+ {[%clk
0:23:51]} Kxf8 {[%clk 0:19:39]} 46. e4 {[%clk 0:23:29]} b5 {[%clk 0:16:07]} 47.
Rf3+ {[%clk 0:22:46]} Kg8 {[%clk 0:14:25]} 48. e5 {[%clk 0:18:53]} Qe7 {[%clk
0:09:11]} 49. Rf6 {[%clk 0:16:19]} Qb4 {[%clk 0:09:23]} 50. Kf2 {[%clk 0:14:09]}
a3 {[%clk 0:04:20]} 51. bxa3 {[%clk 0:14:31]} Qxa3 {[%clk 0:04:41]} 52. Rxg6+
{[%clk 0:14:55]} Kh7 {[%clk 0:04:53]} 53. Rf6 {[%clk 0:14:55]} Qa2+ {[%clk
0:04:44]} 54. Kg3 {[%clk 0:15:17]} Qb3+ {[%clk 0:04:02]} 55. Rf3 {[%clk 0:15:00]}
Qb1 {[%clk 0:03:36]} 56. Qh4+ {[%clk 0:14:26]} Kg8 {[%clk 0:03:26]} 57. Qg5+
{[%clk 0:14:41]} 1-0

[Event "European Women's Championship"]
[Site "Vysoke Tatry"]
[Date "2018.04.09"]
[Round "2"]
[White "Kejzar, Petra"]
[Black "Ziaziulkina, Nastassia"]
[Result "0-1"]
[Board "23"]
[WhiteElo "2071"]
[WhiteCountry "SLO"]
[WhiteFideId "14610213"]
[WhiteEloChange "-3"]
[BlackElo "2363"]
[BlackTitle "IM"]
[BlackCountry "BLR"]
[BlackFideId "13505211"]
[BlackEloChange "3"]

1. d4 {[%clk 1:30:56]} d5 {[%clk 1:29:51]} 2. Bf4 {[%clk 1:31:19]} Nf6 {[%clk
1:26:19]} 3. Nf3 {[%clk 1:31:16]} c5 {[%clk 1:23:07]} 4. dxc5 {[%clk 1:30:30]} e6
{[%clk 1:20:30]} 5. e3 {[%clk 1:26:37]} Bxc5 {[%clk 1:18:36]} 6. c4 {[%clk
1:24:12]} O-O {[%clk 1:14:22]} 7. Nc3 {[%clk 1:23:22]} Nc6 {[%clk 1:12:17]} 8. h3
{[%clk 1:14:59]} Qa5 {[%clk 0:59:39]} 9. Nd2 {[%clk 1:05:21]} Bb4 {[%clk
0:50:55]} 10. Qc2 {[%clk 1:01:51]} d4 {[%clk 0:40:46]} 11. Ncb1 {[%clk 0:54:40]}
Rd8 {[%clk 0:31:08]} 12. e4 {[%clk 0:48:13]} g5 {[%clk 0:26:11]} 13. Bh2 {[%clk
0:43:54]} d3 {[%clk 0:25:20]} 14. Qc1 {[%clk 0:36:58]} Nxe4 {[%clk 0:25:10]} 15.
f3 {[%clk 0:33:04]} Nxd2 {[%clk 0:22:25]} 16. Nxd2 {[%clk 0:33:28]} Nd4 {[%clk
0:22:26]} 17. Kd1 {[%clk 0:28:04]} Nc2 {[%clk 0:18:48]} 18. Nb3 {[%clk 0:27:45]}
Qf5 {[%clk 0:18:57]} 19. Rb1 {[%clk 0:27:02]} Bd7 {[%clk 0:17:43]} 20. h4 {[%clk
0:26:06]} Bc6 {[%clk 0:17:32]} 21. Nd2 {[%clk 0:22:23]} g4 {[%clk 0:15:59]} 22.
a3 {[%clk 0:20:43]} gxf3 {[%clk 0:14:46]} 0-1

[Event "European Women's Championship"]
[Site "Vysoke Tatry"]
[Date "2018.04.09"]
[Round "2"]
[White "Prudnykova, Olga"]
[Black "Batsiashvili, Nino"]
[Result "1/2-1/2"]
[Board "24"]
[WhiteElo "2281"]
[WhiteTitle "WIM"]
[WhiteCountry "UKR"]
[WhiteFideId "14121093"]
[WhiteEloChange "6"]
[BlackElo "2521"]
[BlackTitle "IM"]
[BlackCountry "GEO"]
[BlackFideId "13602993"]
[BlackEloChange "-3"]

1. b3 {[%clk 1:30:57]} Nf6 {[%clk 1:30:53]} 2. Bb2 {[%clk 1:31:21]} g6 {[%clk
1:31:18]} 3. Nc3 {[%clk 1:30:55]} d5 {[%clk 1:30:11]} 4. d4 {[%clk 1:30:51]} Bg7
{[%clk 1:30:36]} 5. e3 {[%clk 1:29:57]} O-O {[%clk 1:30:59]} 6. Qd2 {[%clk
1:30:19]} c5 {[%clk 1:31:18]} 7. O-O-O {[%clk 1:29:45]} cxd4 {[%clk 1:30:06]} 8.
exd4 {[%clk 1:29:57]} a6 {[%clk 1:30:10]} 9. f3 {[%clk 1:29:35]} Nc6 {[%clk
1:29:37]} 10. Kb1 {[%clk 1:29:00]} Qd6 {[%clk 1:23:10]} 11. Nge2 {[%clk 1:09:10]}
b5 {[%clk 1:22:26]} 12. g4 {[%clk 1:08:49]} Rd8 {[%clk 1:17:09]} 13. Ng3 {[%clk
0:55:27]} Nd7 {[%clk 1:13:42]} 14. Nce2 {[%clk 0:53:55]} a5 {[%clk 1:06:42]} 15.
h4 {[%clk 0:52:17]} a4 {[%clk 0:56:33]} 16. h5 {[%clk 0:48:34]} axb3 {[%clk
0:43:50]} 17. axb3 {[%clk 0:48:26]} Nf8 {[%clk 0:39:29]} 18. hxg6 {[%clk
0:46:45]} fxg6 {[%clk 0:39:39]} 19. Bh3 {[%clk 0:41:29]} Rd7 {[%clk 0:25:59]} 20.
f4 {[%clk 0:37:34]} Rda7 {[%clk 0:25:16]} 21. Nc1 {[%clk 0:34:43]} Nxd4 {[%clk
0:18:28]} 22. c3 {[%clk 0:33:39]} Nde6 {[%clk 0:17:58]} 23. Nge2 {[%clk 0:28:48]}
b4 {[%clk 0:17:16]} 24. Bg2 {[%clk 0:26:04]} Bb7 {[%clk 0:16:17]} 25. f5 {[%clk
0:22:13]} bxc3 {[%clk 0:16:05]} 26. Nxc3 {[%clk 0:22:38]} Nd4 {[%clk 0:13:41]}
27. Qf2 {[%clk 0:14:42]} e5 {[%clk 0:06:51]} 28. Rxd4 {[%clk 0:09:30]} exd4
{[%clk 0:07:07]} 29. Nb5 {[%clk 0:09:58]} Qf6 {[%clk 0:02:22]} 30. Nxa7 {[%clk
0:09:47]} Rxa7 {[%clk 0:02:51]} 31. Re1 {[%clk 0:06:10]} gxf5 {[%clk 0:02:35]}
32. gxf5 {[%clk 0:06:33]} Ra8 {[%clk 0:01:31]} 33. Bh3 {[%clk 0:03:04]} Bc8
{[%clk 0:01:08]} 34. Qf3 {[%clk 0:02:41]} Qf7 {[%clk 0:00:47]} 35. Re7 {[%clk
0:00:38]} Qxe7 {[%clk 0:01:06]} 36. Qxd5+ {[%clk 0:01:07]} Qf7 {[%clk 0:01:27]}
37. Qxa8 {[%clk 0:01:12]} Bxf5+ {[%clk 0:01:55]} 38. Bxf5 {[%clk 0:01:31]} Qxf5+
{[%clk 0:02:24]} 39. Ka2 {[%clk 0:01:47]} h5 {[%clk 0:02:21]} 40. Qa6 {[%clk
0:30:46]} h4 {[%clk 0:31:36]} 41. Qd3 {[%clk 0:26:16]} Qg4 {[%clk 0:19:05]} 42.
Qc4+ {[%clk 0:22:37]} Kh7 {[%clk 0:17:49]} 43. Nd3 {[%clk 0:21:04]} Ne6 {[%clk
0:16:04]} 44. Qd5 {[%clk 0:18:12]} Qg6 {[%clk 0:08:50]} 45. Nf2 {[%clk 0:14:59]}
Nf4 {[%clk 0:07:22]} 46. Qf3 {[%clk 0:15:02]} Qf5 {[%clk 0:06:12]} 47. Bc1 {[%clk
0:04:56]} Qa5+ {[%clk 0:04:05]} 48. Kb1 {[%clk 0:05:05]} Ng6 {[%clk 0:03:18]} 49.
Ne4 {[%clk 0:03:54]} Kg8 {[%clk 0:01:23]} 50. Nf6+ {[%clk 0:01:54]} Bxf6 {[%clk
0:00:51]} 51. Qxf6 {[%clk 0:02:20]} Qh5 {[%clk 0:00:48]} 52. Qd8+ {[%clk
0:02:32]} Nf8 {[%clk 0:01:11]} 53. Qxd4 {[%clk 0:02:12]} h3 {[%clk 0:01:33]} 54.
Qc4+ {[%clk 0:02:15]} Kh7 {[%clk 0:01:32]} 55. Qc7+ {[%clk 0:01:33]} Kg8 {[%clk
0:01:35]} 56. Qc4+ {[%clk 0:01:51]} Qf7 {[%clk 0:01:40]} 57. Qxf7+ {[%clk
0:01:59]} Kxf7 {[%clk 0:02:09]} 58. Bf4 {[%clk 0:02:24]} Ne6 {[%clk 0:01:40]} 59.
Bh2 {[%clk 0:01:37]} Nd4 {[%clk 0:01:44]} 60. b4 {[%clk 0:01:15]} Ke6 {[%clk
0:02:10]} 61. Kc1 {[%clk 0:01:13]} Kf5 {[%clk 0:01:50]} 62. b5 {[%clk 0:00:43]}
Nxb5 {[%clk 0:02:16]} 63. Kd2 {[%clk 0:01:09]} Kg4 {[%clk 0:02:13]} 64. Ke3
{[%clk 0:00:47]} Nc3 {[%clk 0:02:29]} 65. Kf2 {[%clk 0:01:04]} Ne4+ {[%clk
0:02:18]} 66. Kg1 {[%clk 0:01:26]} Ng5 {[%clk 0:01:40]} 67. Bc7 {[%clk 0:01:07]}
Nf3+ {[%clk 0:01:55]} 68. Kf2 {[%clk 0:01:19]} Nd4 {[%clk 0:01:55]} 1/2-1/2

[Event "European Women's Championship"]
[Site "Vysoke Tatry"]
[Date "2018.04.09"]
[Round "2"]
[White "Goryachkina, Aleksandra"]
[Black "Yildiz Kadioglu, Betul Cemre"]
[Result "1-0"]
[Board "25"]
[WhiteElo "2495"]
[WhiteTitle "WGM"]
[WhiteCountry "RUS"]
[WhiteFideId "4147103"]
[WhiteEloChange "2"]
[BlackElo "2286"]
[BlackTitle "WGM"]
[BlackCountry "TUR"]
[BlackFideId "6302920"]
[BlackEloChange "-5"]

1. e4 {[%clk 1:30:56]} e5 {[%clk 1:30:56]} 2. Nf3 {[%clk 1:31:21]} Nc6 {[%clk
1:31:22]} 3. Bb5 {[%clk 1:31:27]} a6 {[%clk 1:31:46]} 4. Ba4 {[%clk 1:31:43]} Nf6
{[%clk 1:32:05]} 5. O-O {[%clk 1:31:41]} Be7 {[%clk 1:32:04]} 6. Re1 {[%clk
1:31:25]} b5 {[%clk 1:32:22]} 7. Bb3 {[%clk 1:31:49]} d6 {[%clk 1:32:32]} 8. c3
{[%clk 1:31:43]} O-O {[%clk 1:32:56]} 9. h3 {[%clk 1:31:33]} Be6 {[%clk 1:33:21]}
10. d4 {[%clk 1:31:21]} Bxb3 {[%clk 1:33:29]} 11. axb3 {[%clk 1:31:02]} exd4
{[%clk 1:33:48]} 12. cxd4 {[%clk 1:31:15]} Nb4 {[%clk 1:28:22]} 13. d5 {[%clk
1:31:22]} Nd7 {[%clk 1:26:03]} 14. Re2 {[%clk 1:11:07]} Bf6 {[%clk 1:15:57]} 15.
Be3 {[%clk 1:03:53]} Re8 {[%clk 1:09:30]} 16. Nc3 {[%clk 1:03:34]} Ne5 {[%clk
1:02:31]} 17. Nd4 {[%clk 1:00:36]} Qd7 {[%clk 0:50:24]} 18. Rd2 {[%clk 0:58:13]}
Ng6 {[%clk 0:43:40]} 19. Nf5 {[%clk 0:55:11]} Ne7 {[%clk 0:40:04]} 20. Ng3 {[%clk
0:54:09]} g6 {[%clk 0:38:48]} 21. f4 {[%clk 0:43:25]} Bg7 {[%clk 0:34:16]} 22.
Qf3 {[%clk 0:40:24]} f5 {[%clk 0:32:23]} 23. Rad1 {[%clk 0:37:54]} fxe4 {[%clk
0:22:39]} 24. Ncxe4 {[%clk 0:36:05]} Nf5 {[%clk 0:19:53]} 25. Nxf5 {[%clk
0:35:12]} Qxf5 {[%clk 0:20:18]} 26. Ng5 {[%clk 0:32:34]} Re7 {[%clk 0:15:01]} 27.
g4 {[%clk 0:31:15]} Qd7 {[%clk 0:15:13]} 28. Bd4 {[%clk 0:29:50]} Rc8 {[%clk
0:04:00]} 29. Bxg7 {[%clk 0:27:59]} Rxg7 {[%clk 0:04:28]} 30. Ne4 {[%clk
0:23:30]} Kh8 {[%clk 0:03:56]} 31. Nf6 {[%clk 0:22:38]} Qf7 {[%clk 0:03:51]} 32.
g5 {[%clk 0:22:46]} c5 {[%clk 0:01:40]} 33. dxc6 {[%clk 0:18:05]} Qa7+ {[%clk
0:02:02]} 34. Kh2 {[%clk 0:17:27]} d5 {[%clk 0:01:53]} 35. Re2 {[%clk 0:15:47]}
Re7 {[%clk 0:01:06]} 36. Nxd5 {[%clk 0:11:03]} Nxd5 {[%clk 0:00:45]} 37. Rxd5
{[%clk 0:11:23]} Rxe2+ {[%clk 0:00:34]} 38. Qxe2 {[%clk 0:11:51]} Qc7 {[%clk
0:00:46]} 39. Qd2 {[%clk 0:10:40]} Qxc6 {[%clk 0:00:45]} 40. Qd4+ {[%clk
0:40:29]} Kg8 {[%clk 0:31:04]} 41. Rd7 {[%clk 0:38:44]} Qc2+ {[%clk 0:27:55]} 42.
Kg3 {[%clk 0:38:44]} 1-0

[Event "European Women's Championship"]
[Site "Vysoke Tatry"]
[Date "2018.04.09"]
[Round "2"]
[White "Khotenashvili, Bela"]
[Black "Injac, Teodora"]
[Result "1-0"]
[Board "26"]
[WhiteElo "2484"]
[WhiteTitle "GM"]
[WhiteCountry "GEO"]
[WhiteFideId "13602640"]
[WhiteEloChange "2"]
[BlackElo "2290"]
[BlackTitle "WIM"]
[BlackCountry "SRB"]
[BlackFideId "932400"]
[BlackEloChange "-5"]

1. d4 {[%clk 1:30:57]} Nf6 {[%clk 1:30:54]} 2. Nc3 {[%clk 1:31:19]} d5 {[%clk
1:31:03]} 3. Bf4 {[%clk 1:31:43]} g6 {[%clk 1:25:41]} 4. e3 {[%clk 1:30:46]} Bg7
{[%clk 1:25:12]} 5. h4 {[%clk 1:31:09]} O-O {[%clk 1:18:14]} 6. h5 {[%clk
1:31:32]} c6 {[%clk 0:59:09]} 7. hxg6 {[%clk 1:30:30]} hxg6 {[%clk 0:58:46]} 8.
Qd2 {[%clk 1:27:59]} Nbd7 {[%clk 0:56:55]} 9. Nf3 {[%clk 1:25:10]} b5 {[%clk
0:45:04]} 10. Bd3 {[%clk 1:24:01]} Nb6 {[%clk 0:42:25]} 11. Ne5 {[%clk 1:22:01]}
Bb7 {[%clk 0:42:11]} 12. f3 {[%clk 1:16:52]} Nc4 {[%clk 0:40:03]} 13. Bxc4 {[%clk
1:16:26]} dxc4 {[%clk 0:29:32]} 14. e4 {[%clk 0:57:54]} Nh5 {[%clk 0:28:12]} 15.
Rd1 {[%clk 0:50:23]} Nxf4 {[%clk 0:27:03]} 16. Qxf4 {[%clk 0:50:48]} Qd6 {[%clk
0:25:54]} 17. Qh4 {[%clk 0:40:36]} Rfd8 {[%clk 0:24:41]} 18. Ng4 {[%clk 0:39:36]}
Kf8 {[%clk 0:09:16]} 19. Qh7 {[%clk 0:29:21]} e5 {[%clk 0:03:37]} 20. Nh6 {[%clk
0:19:02]} Bxh6 {[%clk 0:03:33]} 21. Qxh6+ {[%clk 0:19:28]} Ke7 {[%clk 0:03:43]}
22. Qg5+ {[%clk 0:17:22]} Qf6 {[%clk 0:03:39]} 23. Qxe5+ {[%clk 0:17:43]} Qxe5
{[%clk 0:03:58]} 24. dxe5 {[%clk 0:18:11]} Ke6 {[%clk 0:04:03]} 25. Rh7 {[%clk
0:14:42]} Rxd1+ {[%clk 0:03:10]} 26. Nxd1 {[%clk 0:15:06]} Rf8 {[%clk 0:02:09]}
27. f4 {[%clk 0:15:16]} c5 {[%clk 0:02:07]} 28. Nf2 {[%clk 0:15:31]} b4 {[%clk
0:02:04]} 29. c3 {[%clk 0:13:37]} a5 {[%clk 0:02:29]} 30. Ke2 {[%clk 0:11:56]} a4
{[%clk 0:02:48]} 31. a3 {[%clk 0:11:22]} bxa3 {[%clk 0:02:59]} 32. bxa3 {[%clk
0:11:51]} Bc6 {[%clk 0:03:11]} 33. g4 {[%clk 0:07:10]} Rb8 {[%clk 0:03:09]} 34.
Nh3 {[%clk 0:07:13]} Bxe4 {[%clk 0:01:30]} 35. Ng5+ {[%clk 0:07:35]} Kd5 {[%clk
0:01:57]} 36. Rxf7 {[%clk 0:07:43]} Bd3+ {[%clk 0:02:04]} 37. Ke3 {[%clk
0:07:57]} Rb3 {[%clk 0:01:15]} 38. Rf6 {[%clk 0:07:44]} 1-0